Membangun fitrah kehidupan

Bibliographic Details
Main Author: Siti Fatimah Abdul Rahman (Author)
Format: Book
Published: Kuala Lumpur : Institut Kefahaman Islam Malaysia , 1996
Subjects:

MARC

LEADER 00000cam a2200000 7i4500
001 0000008352
005 20031228093000.0
020 |a 9839099221 
090 0 0 |a BP165   |b .M4 1996 
245 0 0 |a Membangun fitrah kehidupan   |c penyunting Siti Fatimah Abdul Rahman 
260 2 |a Kuala Lumpur :   |b Institut Kefahaman Islam Malaysia ,   |c 1996 
300 |a xxi, 192 ms. ;   |c 23 sm. 
650 0 |a Islam 
650 0 |a Islam and politics 
650 0 |a Islam   |z Malaysia 
700 0 |a Siti Fatimah Abdul Rahman ,   |e author 
999 |a 1000072817   |b Book   |c OPEN SHELF (30 DAYS)   |e Gong Badak Campus